Superlatywy państw – nie Stany Zjednoczone - Statystyki

Ogólne statystyki
  • Ten quiz został rozwiązany 2 630 razy
  • Średni wynik to 13 z 20
Statystyki odpowiedzi
Kategoria Następne dwa państwa % Poprawnych
Najwięcej osób mówiących po angielsku (ojczysty) Wielka Brytania | Kanada
98%
Największa gospodarka przy obecnych kursach walutowych Chiny | Japonia
96%
Najwyższy budżet wojskowy Chiny | Indie
90%
Największa populacja na półkuli zachodniej Brazylia | Meksyk
87%
Największy eksport broni wojskowej Rosja | Niemcy
87%
Najwięcej zdobytych Nagród Nobla Wielka Brytania | Niemcy
84%
Najwyższa produkcja ropy naftowej (2020) Rosja | Arabia Saudyjska
83%
Najwięcej energii wytworzono z energii jądrowej Francja | Chiny
82%
Największa populacja chrześcijan Brazylia | Meksyk
76%
Najwięcej nowożytnych igrzysk olimpijskich (do 2021 roku) Francja | Japonia | Włochy
76%
Najwięcej osób mówiących po angielsku (łącznie) Indie | Pakistan
75%
Największa łączna długość tras narciarskich Francja | Austria
74%
Najwięcej złotych medali w biegu na 100 metrów Jamajka | Wielka Brytania
74%
Najwięcej imigrantów Niemcy | Arabia Saudyjska
74%
Najwięcej tytułów Wielkiego Szlema w tenisie (Era Open) Australia | Hiszpania
61%
Najwięcej złotych medali w pływaniu Australia | Węgry
36%
Najwięcej zwycięstw w najważniejszych konkursach piękności Wenezuela | Filipiny
29%
Najwcześniejsza deklaracja niepodległości w Ameryce Haiti | Ekwador
27%
Flaga kraju z największą liczbą gwiazdek Brazylia | Uzbekistan
24%
Miejsce urodzenia największej liczby graczy Major League Baseball Dominikana | Wenezuela
18%
Nie znaleziono quizów pasujących do podanych kryteriów
Rozkład punktacji
Procent ludzi z każdym wynikiem
Percentyl według liczby udzielonych odpowiedzi
Twoja historia wyników
Nie rozwiązałeś tego quizu